MDQL
is popping MORE tags! Check the
thread
!
Quizzes
Events
Quiz Creation
Community
Videos
Private Events
Remove Ads
Sign In
Join for FREE
Feedback
Dark Mode
Quiz Categories
Sports
Geography
Music
Movies
Television
Just For Fun
Miscellaneous
History
Literature
Language
Science
Gaming
Entertainment
Religion
Holiday
For Kids
Quiz Lab
Recent
Popular Today
Quiz Kudos Today
Editor Picks
Curator Picks
Quizzes by...
Day
Popularity
Type
Ratings
Length
Year
Community
Subscriptions
Recent Discussions
Orange Saloon
Badges
Playlists
Quests
Create
Leaderboards
Showdown
Live 5
Trivia Bingo
Activity
Puzzle Library
Sporcle Events
Private Events
Virtual Trivia
Globe League
Become a Host
Pub Owners
SporcleCon
Opinionation
Our Games
Videos
Blog
Mobile Apps
Partnerships
Remove Ads and Go Orange
Feedback
Television
TV Characters
TV Show
Sitcom
Network
Friends
Reality Shows
Cast
South Park
Star Trek
The Simpsons
Doctor Who
Television
TV Characters
TV Show
Sitcom
Network
Friends
Reality Shows
Cast
South Park
Star Trek
The Simpsons
Doctor Who
Random Quiz
Search Sporcle
×
Curator Pick
Curator Pick
Television
Doctor Who
Type in answers that appear in a list
Type in answers that appear in a list
Classic
Best Score? Go Orange.
Doctor Who Series 1-4 Stats
Can you name the miscellaneous trivia from Doctor Who Series 1-4?
By
LaestigZwilling
10m
50 Questions
3,118 Plays
3,118 Plays
3,118 Plays
Comments
Comments
Give Quiz Kudos
Give Quiz Kudos
-
- Ratings
hide this ad
More Info
Forced Order
Answers have to be entered in order
Answers have to be entered in order
Replay
Link that replays current quiz
Next Quiz
Link to next quiz in quiz playlist
You Got
0%
They Got
Avg Score
57%
Avg Friend Score
Upgrade to see
Score Distribution
Jump to the score distribution portion of the page
Score
0/50
Timer
10:00
0
Plays Today
Hint
Answer
% Correct
Companions
Rose Tyler
96.6%
Enemies
Daleks
91.5%
Companions
Martha Jones
90.4%
Companions
Donna Noble
89.1%
Companions
Mickey Smith
88.5%
Companions
Sarah Jane Smith
87.2%
Enemies
Cybermen
83.3%
Companions
Captain Jack Harkness
82.3%
Enemies
Weeping Angels
80.5%
Enemies
The Master
78.8%
Places
Gallifrey
74.5%
Who's the Actor
David Tennant
74.3%
Places
Earth
73.3%
Enemies
Sontarans
69.4%
Name the Episode
Rose
69%
Who's the Actor
Christopher Eccleston
68.7%
Enemies
Lady Cassandra
68.3%
Who's the Actor
Billie Piper
68.1%
Name the Episode
Turn Left
65.6%
Enemies
The Family of Blood
63.4%
Who's the Actor
Catherine Tate
63.2%
Name the Episode
42
63%
Places
Parallel Universe
61.6%
Name the Episode
The Parting of the Ways
60.4%
Name the Episode
Smith and Jones
60.1%
Hint
Answer
% Correct
Places
Utopia
59.9%
Enemies
Vashta Nerada
58.5%
Name the Episode
Voyage of the Damned
58.2%
Places
New Earth
56.9%
Name the Episode
Fear Her
55.3%
Places
The Void
53.3%
Name the Episode
The Idiot's Lantern
51.9%
Who's the Actor
Freema Agyeman
50.9%
Enemies
Slitheen
49.9%
Places
Barcelona
46.1%
Enemies
The Racnoss Empress
42.7%
Finish the Quote
point and laugh
42.3%
Enemies
Krillitanes
41.8%
Finish the Quote
arrest myself
40.1%
Finish the Quote
waving
37.7%
Places
Midnight
36.8%
Enemies
Carrionites
36%
Enemies
Reapers
35.2%
Places
Raxacoricofallapatorius
31.4%
Finish the Quote
Hermits United
29.1%
Finish the Quote
pest control
26.1%
Enemies
The Gelth
24.3%
Finish the Quote
this could be a little more sonic
22.2%
Finish the Quote
wee naked child
13.8%
Finish the Quote
save the woman you love
11.7%
Quiz Playlist
Details
Report
Send in Message
Add To Playlist
More Info:
This only includes the episodes from the first four seasons and specials of the new Doctor Who series. May Include spoilers through The End of Time
Classic:
Type in answers that appear in a list
Forced Order:
Answers have to be entered in order
Quiz Source
Last Updated: May 17, 2017
Curator Pick in
Doctor Who
Quiz Scoreboard
CHALLENGE
Sign Up to Join the Scoreboard
Show All
Scores
Hide
Comments
May contain spoilers
Recently Published
1-10 Letter E Words III
by El_Dandy
Language
2m
Street Fighter Characters
by Artimus82
Gaming
60s
College Basketball Coaching Resumes
by pancakes188
Sports
9m
More to Explore
Quiz From the Vault
Featured Blog Post
Where Did the Easter Bunny Come From?
hide this ad
You Might Also Like...
Tags
Doctor Who Quiz
doctor
Today's Top Quizzes in Television
Browse Television
hide this ad
Today's Top Quizzes in Doctor Who
Browse Doctor Who
Top Contributed Quizzes in Television
1
Survivor Journey Challenge
2
Adjectives in 80s TV Shows
3
5-to-1: The Simpsons Families
4
Adjectives in 00s TV Shows
5
5-to-1: Television Doctors
6
Adjectives in 10s TV Shows
7
7-to-1: TV Show Settings
8
5-to-1: Streaming Originals
9
Adjectives in 70s TV Shows
10
Survivor Seasons
Explore More
Trending Topics
Harry Potter
Anime
Crossword
NBA
Kpop
Marvel
Disney
Puzzle
Song
Pokémon
Soccer
The Office
NFL
Country
WWE
hide this ad
More By:
LaestigZwilling
Quiz
Plays
Rating
Category
Featured
Created
Doctor Who Series 1-4
3,118
4.33
Television
Jun 14, 2011
Harry Potter Original Forty
109
1.00
Literature
Aug 5, 2014
Seven Summits by First Person to Summit
17
Geography
Jun 29, 2023
Go to Creator's Profile
Score Distribution
Quiz Creator Spotlight
LaestigZwilling
Follow
Send a Message
Quizzes Created
-
Created Quiz Play Count
-
More By This Creator
Popular Quizzes Today
1
Find the US States - No Outlines Minefield
2
Find the Countries of Europe - No Outlines Minefield
3
The Countries of the World
4
Find the US States
5
Risky Map Clicking: Biggest States A-Z
6
US States
7
Popular People in 1961
8
Movies - When Are They Set?
More Television Quizzes
Find the Stargate Spaceships
Quiz Lab
Trending Quizzes
Risky Map Clicking: Least Populous States A-Z
Billboard Blitz: Aretha Franklin
Famous Russians: Author or Composer?
Countries of the World: 200 Million BC
1-10 Letter G Words
Recently Updated
Leaping Animals
pecheneg
Reality TV Shows (A-Z)
bhenderson79
Rickey Henderson's Hall of Fame Teammates
pecheneg
Champions League XIs: Arsenal
pecheneg
Quick Pick: Celebrities in WWE's Hall of Fame
aduchscher
A-Z Keypad Blitz II
pecheneg
Multiple Oscar Actors
pecheneg
Mystery Phrase Blitz: Oscar 'Best Actors'
pecheneg
F. Scott Fitzgerald Novels
LTH
Pick 3 Villains
ddd62291
Trending Topics
Disney
Kpop
Anime
Crossword
Harry Potter
Marvel
NBA
WWE
Puzzle
Song
NFL
Country
The Office
Pokémon
Soccer
Your Account Isn't Verified!
In order to create a playlist on Sporcle, you need to verify the email address you used during registration. Go to your
Sporcle Settings
to finish the process.
Report this User
Report this user for behavior that violates our
Community Guidelines
.
Details:
Send Report
Go to the Sporcle.com Mobile Site →
Comments